Statistiques concernant Villes des Etats-Unis ayant le métro

Cliquez ici pour prendre le quiz!

Statistiques générales

  • Ce quiz a été pris 446 fois
  • Le résultat moyen est 8 sur 12

Statistiques - réponses

Date de mise en serviceLongueur (km)Ville% Correct
1904444New York
100%
199328Los Angeles
98%
1892165Chicago
92%
1976188Washington
87%
198440Miami
86%
190161Boston
83%
1972187San Francisco
83%
190782Philadelphie
72%
197977Atlanta
60%
198325Baltimore
38%
195531Cleveland
23%
200417San Juan
2%

Distribution des résultats

Percentile par nombre de réponses

% des personnes avec chaque résultat

Votre développement - résultats

Vous n’avez pas pris ce quiz